000 00615nam a2200205Ia 4500
003 OSt
005 20230427094336.0
008 210423s2007 xx 000 0 und d
020 _a8130906651
040 _cAL
041 _aeng
082 _a820.9 BLOV
_223
100 _aBLOOM (Harold),Ed.
_993689
245 _aViva modern critical interpretations William Styron''s sophie''s choice.
260 _aNew Delhi
_bViva Books Pvt Ltd
_c2007
300 _avii,291
_bPB
365 _b175
_cINR
906 _achoice. ; critical ; interpretations ; modern ; sophie''s ; Styron''s ; Viva ; William
942 _2ddc
_cBK
999 _c161745
_d161745